000 00509nam a22001697a 4500
003 NUST
005 20260417161324.0
008 260417b ||||| |||| 00| 0 eng d
020 _a 978-0716731511
082 _a551.220973
_bGIE
100 _aKerry E. Sieh
_9134202
245 _aThe Earth in Turmoil: Earthquakes, Volcanoes, and Their Impact on Humankind /
_cKerry E. Sieh
260 _aNew York:
_bW. H. Freeman Company,
_c1998.
300 _a324 p ;
_c28.00 cm
563 _aPaperback
942 _2ddc
_cBK
999 _c617174
_d617174